000 00438nab a2200145Ia 4500
003 ES-SlBCS
005 20210601132856.0
008 140529s1970 xxu||||| |||| 00| 0 ita d
041 _aita
100 1 _aBaget Bozzo, Giovanni
_9199722
245 0 0 _aUtopia ed escatologia
_c Giovanni Baget Bozzo
650 0 4 _aUtopía-Escatología
_9199714
773 0 _tGiornali di Metafisica
_gvol. 25, nº. 1, 1970, págs. 13-29
_w0017-0372
942 _cAR
999 _c587046
_d587046